عرض عادي عرض مارك
  • Wheelwright, Steven C.,

مدخل إسم شخص

عدد التسجيلات المستخدمة في: 1

001 - رقم الضبط

  • حقل الضبط: 18297

003 - معرف رقم الضبط

  • حقل الضبط: OSt

005 - تاريخ ووقت أخر عملية

  • حقل الضبط: 20121223220921.0

008 - عناصر بيانات ثابتة الطول

  • حقل تحكم ثابت الطول: 121223|||a|||||| | ||| d

040 ## - مصدر الفهرسة

  • هيئة الفهرسة الأصلية: OSt
  • وكالة الكتابة: OSt

100 ## - مدخل -- أسم شخص

  • إسم شخص: Wheelwright, Steven C.,
  • تواريخ مرتبطة بالاسم: 1943-

670 ## - بيانات المصدر موجوده

  • الاستشهاد بالمصدر: Work cat.: (OSt)0: Bruton, Garry D. 18296, Strategic management of technology and innovation /, 2011.